Discurso do método (Registo nº 26522)

Detalhes MARC
000 -Etiqueta do registo
Valores 00673nam a2200229 4500
090 ## -
-- 26522
100 ## - Dados gerais de processamento
Dados gerais 20040513d1977 em y0pory5003 ba
102 ## - País de publicação
-- PT
101 1# - Língua de publicação
-- por
-- fre
200 1# - Titulo e menção de responsabilidade
Título próprio Discurso do método
Informação de outro título texto integral
Primeira menção de responsabilidade Descartes
Outras menções de responsabilidade trad. Fernando Melro
215 ## - Descrição física 
Paginação / Volumes 120 p.
Dimensões 18 cm
210 ## - Publicação
Local de publicação [Mem Martins]
Nome do editor Europa-América
Data de publicação imp. 1977
225 2# - Colecção 
Título próprio da colecção Livros de bolso Europa-América
Indicação de volume 149
304 ## - Nota relativa ao título
Texto de nota Tít. orig. : Discours de la méthode
675 ## - CDU
Notação 1
Edição med
Língua por
702 #1 - Autor secundário (pessoa individual)
Apelido Melro
Nome Fernando
-- 730
700 #1 - Autor principal (pessoa individual)
Apelido Descartes
Nome René
Datas 1596-1650
930 ## -
-- BE/CRE
999 ## -
-- Publicaçöes Europa-América
990 ## - Elementos KOHA
Tipo de documento Livro
995 ## - Localização e informação dos exemplares
-- 18
Exemplares
Situação do levantamento Estado Biblioteca de origem Biblioteca de empréstimo Código de barras Cota Permissão de empréstimo Tipo de documento
  Completo Biblioteca da Escola Básica e Secundária Dr Isidoro de Sousa Biblioteca da Escola Básica e Secundária Dr Isidoro de Sousa 2317EV 14 DES Disponível Livro




Powered by Koha